000 00699nam a2200169Ia 4500
003 GCL
008 140319s9999 xx 000 0 ara d
040 _aGCL /
_cGCL
082 0 4 _a368
_bا م
100 1 _aاكاديمية البحث العلمى
245 1 0 _aالمؤتمر الاول للشعبة المشتركة لبحوث وادارة الاخطار والتامينات (هدية من الاديب عبدالفتاح الجمل ) /
_cاكاديمية البحث العلمى
300 _a44 ص
490 _aالهيئة العامة للاستعلامات
_v0
650 0 4 _aالتأمين - قوانين وتشريعات
650 0 4 _aالتأمين ضد الحريق
942 _2ddc
_cBK
999 _c51666
_d51666